000 00354cam a2200145ua 4500
041 _aeng
_h
082 _a020
_bRAN/LI
100 _aRanganathan, S R.
245 _aLibrary manual /
_cS R Ranganathan.
_hTextual Documents
260 _aMumbai :
_bAsia Publishing House ,
_c1962.
300 _a415 ; .
504 _a
942 _cBK
999 _c9892
_d9892